| 000 | 00774nam a22002777a 4500 | ||
|---|---|---|---|
| 001 | 4953 | ||
| 003 | FISKH | ||
| 005 | 20241028122654.0 | ||
| 008 | 241028b cb ||||| |||| 00| 0 eng d | ||
| 020 | _a9780531259764 | ||
| 040 |
_aFISKH _beng _cFISKH _dFISKH |
||
| 050 | _aDS741.65 | ||
| 082 | _a931 | ||
| 100 | _aSonneborn, Liz | ||
| 245 |
_aAncient China (The Ancient World) / _cby Liz Sonneborn |
||
| 260 |
_aNew York : _bScholastic ; _c2013 . |
||
| 300 |
_a112 pages : _bcolor illustraton, map ; _c24 cm . |
||
| 490 | _aThe Ancient World | ||
| 505 | _aZ | ||
| 520 | _aRead about the ancient civilization of China. | ||
| 521 | 8 |
_a1040
_bLexile |
|
| 521 | 8 |
_aZ
_bRaz-Plus |
|
| 650 |
_aChina _vCivilization |
||
| 942 |
_2ddc _cBK _n0 |
||
| 999 |
_c4953 _d4953 |
||